000 00586cam a22002053a 4500
001 46057
003 PGUSA
005 20140828084058.0
008 140621s2014||||xxu|||||s|||||000 | eng d
040 _aPGUSA
_beng
042 _adc
100 1 _aBenson, E. F.
_q(Edward Frederic),
_d1867-1940
245 1 4 _aThe Relentless City
_h[electronic resource] /
_cE. F. Benson
260 _bProject Gutenberg,
_c2014
506 _aPublic domain in the USA.
516 _aElectronic text
830 0 _aProject Gutenberg
_v46057
856 4 0 _uhttp://www.gutenberg.org/ebooks/46057
942 _cEB
999 _c275306
_d275306